All Songs on Speak Now by Taylor Swift - Statistics

General Stats
  • This quiz has been taken 18 times
  • The average score is 12 of 14
Answer Stats
Answer % Correct
Sparks Fly
100%
Enchanted
94%
Mine (POP mix)
94%
Speak Now
94%
Back to December
88%
Better than Revenge
88%
Haunted
88%
Last Kiss
88%
Long Live
88%
Mean
81%
Dear John
75%
Never Grow Up
75%
The Story of Us
75%
Innocent
69%
No matching quizzes found
Score Distribution
Percent of People with Each Score
Percentile by Number Answered
Your Score History
You have not taken this quiz